| 000 -LEADER |
| fixed length control field |
00336nam a22001217a 4500 |
| 008 - FIXED-LENGTH DATA ELEMENTS--GENERAL INFORMATION |
| fixed length control field |
250320b ||||| |||| 00| 0 eng d |
| 020 ## - INTERNATIONAL STANDARD BOOK NUMBER |
| International Standard Book Number |
9781783700837 |
| 082 ## - DEWEY DECIMAL CLASSIFICATION NUMBER |
| Classification number |
823.92 DIC |
| 100 ## - MAIN ENTRY--PERSONAL NAME |
| Personal name |
DICMS,COURTNEY |
| 245 ## - TITLE STATEMENT |
| Title |
LEMUR DREAMER |
| 260 ## - PUBLICATION, DISTRIBUTION, ETC. |
| Place of publication, distribution, etc. |
DEEPDENE LODGE,DEEPDENE AVENUE,DORKING,SURREY,RH5 4AT |
| Name of publisher, distributor, etc. |
A TEMPLAR BOOK |
| Date of publication, distribution, etc. |
2015 |
| 942 ## - ADDED ENTRY ELEMENTS (KOHA) |
| Source of classification or shelving scheme |
|